Est-ce un Homme ou une Femme ? - Statistiques

Statistiques générales
  • Ce quiz a été pris 520 fois
  • Le résultat moyen est 16 sur 16
Statistiques - réponses
Par images Réponse % Correct
Femme
100%
Femme
99%
Femme
99%
Femme
99%
Femme
99%
Femme
99%
Femme
99%
Femme
99%
Homme
99%
Homme
99%
Homme
99%
Homme
99%
Homme
99%
Homme
99%
Homme
99%
Homme
99%
Femme
98%
Femme
98%
Femme
98%
Femme
98%
Femme
98%
Femme
98%
Femme
98%
Homme
98%
Homme
98%
Homme
98%
Homme
98%
Homme
98%
Homme
98%
Homme
98%
Homme
98%
Femme
97%
Aucun quiz correspondant
Distribution des résultats
% des personnes avec chaque résultat
Percentile par nombre de réponses
Votre historique - résultats
Vous n’avez pas pris ce quiz